Central Library OPAC University of Rajshahi

The economic development of Jamaica / (Record no. 2883)

MARC details
000 -LEADER
fixed length control field 00842cam a22002411 4500
001 - CONTROL NUMBER
control field 2883
003 - CONTROL NUMBER IDENTIFIER
rucl marc code BD-RjUL
005 - DATE AND TIME OF LATEST TRANSACTION
control field 20211208233633.0
008 - FIXED-LENGTH DATA ELEMENTS--GENERAL INFORMATION
fixed length control field 131217s1952 mduab 000 0 eng
035 ## - SYSTEM CONTROL NUMBER
System control number (BD-RjUL)2911
System control number (OCoLC)174589
040 ## - CATALOGING SOURCE
Original cataloging agency DLC
Transcribing agency ODaWU
Modifying agency NGvP
-- DLC
-- BD-RjUL
Language of cataloging eng
041 ## - LANGUAGE CODE
Language code of text/sound track or separate title eng
082 ## - DEWEY DECIMAL CLASSIFICATION NUMBER
Edition number 330.97292
Author mark and year ECO
110 2# - MAIN ENTRY--CORPORATE NAME
Corporate name or jurisdiction name as entry element World Bank.
9 (RLIN) 116756
245 14 - TITLE STATEMENT
Title The economic development of Jamaica /
Statement of responsibility, etc. report by a mission of the International Bank for Reconstruction and Development.
260 ## - PUBLICATION, DISTRIBUTION, ETC. (IMPRINT)
Place of publication, distribution, etc. Baltimore :
Name of publisher, distributor, etc. Published for the International Bank for Reconstruction and Development by the Johns Hopkins Press
Date of publication, distribution, etc. c1952.
300 ## - PHYSICAL DESCRIPTION
Pagination xviii, 288 p.:
Illustrations illus., maps (part col.);
Size 23 cm.
651 #0 - SUBJECT ADDED ENTRY--GEOGRAPHIC NAME
Geographic name Jamaica
General subdivision Economic conditions.
9 (RLIN) 9218
942 ## - ADDED ENTRY ELEMENTS (KOHA)
Source of classification or shelving scheme Dewey Decimal Classification
Koha item type Books
Holdings
Lost status Source of classification or shelving scheme Damaged status Not for loan Collection code Permanent Location Current Location Shelving location Date acquired Source of acquisition Cost, normal purchase price Total Checkouts Full call number Date last seen Copy number Koha item type
  Dewey Decimal Classification   Not For Loan Non-fiction Central Library, University of Rajshahi Central Library, University of Rajshahi Reading Room 09/08/1955 O.U.P 20.00   330.97292 ECO 1952 17/12/2013 C-1 Books
  Dewey Decimal Classification     Non-fiction Central Library, University of Rajshahi Central Library, University of Rajshahi   11/04/1956 B.H.Black well 2.00   330.97292 ECO 1952 17/12/2013 C-2 Books
  Dewey Decimal Classification     Non-fiction Central Library, University of Rajshahi Central Library, University of Rajshahi   04/07/1968 book centre 25.00   330.9729 ECO 1952 23/12/2013 C-3 Books